000 00613cam a2200217 4500500
005 20260329005603.0
041 _afre
042 _adc
100 1 0 _aKlein, Étienne
_eauthor
245 0 0 _aAnatomie d’un théorème
260 _c2024.
500 _a46
690 _aÉtienne Klein
690 _aFilm
690 _aKurt Gödel
690 _aMathématique
690 _aPlaton
690 _aVérité
786 0 _nPhilosophie magazine | 178 | 4 | 2024-04-01 | p. 23-23 | 1951-1787
856 4 1 _uhttps://shs.cairn.info/magazine-philosophie-magazine-2024-4-page-23?lang=fr&redirect-ssocas=7080
999 _c1844772
_d1844772